[Event "Dueball mem"]
[Site "Solingen GER"]
[Date "2005.05.24"]
[Round "3"]
[White "Antoniewski,R"]
[Black "Auer,M"]
[Result "1-0"]
[WhiteElo "2488"]
[BlackElo "2338"]

1.e4 c5 2.Nc3 e6 3.Nf3 Nc6 4.d4 cxd4 5.Nxd4 a6 6.Be2 Qc7 7.Be3 Nf6 8.a3 d6
9.g4 Be7 10.g5 Nd7 11.h4 O-O 12.f4 Nxd4 13.Qxd4 b5 14.f5 d5 15.O-O-O Bc5
16.Qd2 Nb6 17.exd5 Bxe3 18.Qxe3 exd5 19.f6 Bf5 20.h5 Rfe8 21.Qf2 Be4 22.Rhg1 Rac8
23.g6 hxg6 24.hxg6 Bxg6 25.Bd3 Qc5 26.Qxc5 Rxc5 27.Bxg6 fxg6 28.Rxg6 Kf7
29.Rxg7+ Kxf6 30.Ra7 Ra8 31.Rb7 Nc4 32.Nxd5+ Ke5 33.Nb4 Ke6 34.Rh1 Rf5 35.b3  1-0

[Event "VII Open"]
[Site "Salou ESP"]
[Date "2005.05.25"]
[Round "6"]
[White "Manik,M"]
[Black "Malakhatko,V"]
[Result "1-0"]
[WhiteElo "2495"]
[BlackElo "2562"]

1.e4 c5 2.Nf3 Nc6 3.Nc3 e6 4.d4 cxd4 5.Nxd4 Nf6 6.Nxc6 bxc6 7.e5 Nd5 8.Ne4 Qc7
9.f4 Qb6 10.c4 Bb4+ 11.Ke2 f5 12.Nf2 Ba6 13.Kf3 Ne7 14.Be3 Bc5 15.Bxc5 Qxc5
16.Qd6 Qb6 17.b3 c5 18.Rd1 Rd8 19.Be2 Nc8 20.Qxb6 Nxb6 21.Ke3 Ke7 22.Bf3 Rb8
23.Rhg1 g6 24.g4 Rhc8 25.gxf5 exf5 26.h4 Bxc4 27.bxc4 Nxc4+ 28.Ke2 Rb2+ 29.Ke1 Ne3
30.Rd2 Nc2+ 31.Kf1 Rb1+ 32.Nd1 Nd4 33.Kf2 Rcb8 34.h5 Kf7 35.hxg6+ hxg6 36.Bd5+ Kg7
37.Nc3 R1b4 38.Ke3 Rh8 39.Rh1 Rbb8 40.Rdh2 Rxh2 41.Rxh2 Rb4 42.Rd2 g5 43.fxg5 Kg6
44.Rg2 a5 45.a3 Rb8 46.Ne2 Nxe2 47.Rxe2 Rh8 48.Rc2 Rh5 49.Rxc5  1-0

[Event "Mitropa Cup"]
[Site "Steinbrunn AUT"]
[Date "2005.05.25"]
[Round "5"]
[White "Petrik,T"]
[Black "Landenbergue,C"]
[Result "1-0"]
[WhiteElo "2452"]
[BlackElo "2407"]

1.e4 c5 2.Nf3 e6 3.d4 cxd4 4.Nxd4 Nc6 5.Nc3 Qc7 6.Be2 a6 7.O-O Nf6 8.Be3 Bb4
9.Na4 O-O 10.Nxc6 bxc6 11.Nb6 Rb8 12.Nxc8 Rfxc8 13.Bxa6 Rf8 14.Bd3 Bd6 15.f4 e5
16.f5 Rxb2 17.g4 Qa5 18.g5 Ne8 19.a4 Bc5 20.Bxc5 Qxc5+ 21.Kh1 d5 22.Qg4 Nd6
23.g6 f6 24.a5 h6 25.Qg2 Ra8 26.a6 Kf8 27.Rfd1 d4 28.Qd2 Qb6 29.Qe2 Qb4 30.Qf1 c5
31.Rab1 Rxb1 32.Rxb1 Qa5 33.Rb3 c4 34.Bxc4 Nxc4 35.Qxc4 Qe1+ 36.Kg2 Qxe4+
37.Rf3 Ra7 38.Qc8+ Ke7 39.Qc5+ Ke8 40.Qc8+ Ke7 41.Qc5+ Ke8 42.Qxa7 Qe2+ 43.Kg3 h5  1-0

[Event "30th Elekes Mem IM"]
[Site "Budapest HUN"]
[Date "2005.05.26"]
[Round "6"]
[White "Katsuhara,O"]
[Black "Somogyi,I"]
[Result "0-1"]
[WhiteElo "2106"]
[BlackElo "2250"]

1.e4 c5 2.Nf3 e6 3.d4 cxd4 4.Nxd4 Nc6 5.Nc3 Qc7 6.Be3 a6 7.Qd2 Nf6 8.f3 Ne5
9.Nb3 b5 10.O-O-O Bb4 11.Bd4 Nc4 12.Qg5 Be7 13.e5 h6 14.Qxg7 Rg8 15.Qxh6 Nxe5
16.Kb1 Bb7 17.Qf4 d6 18.a3 Rc8 19.Qd2 Nd5 20.Ne4 Nc4 21.Bxc4 bxc4 22.Nc1 e5
23.Bc3 f5 24.Ba5 Qc6 25.Nc3 Nf4 26.g3 Ne6 27.Rhf1 Nd4 28.f4 Nf3 29.Qe2 e4
30.Nd5 Rg7 31.Bc3 Rf7 32.Na2 Rd8 33.g4 Qc5 34.Nxe7 Rxe7 35.Bf6 fxg4 36.Bxe7 Kxe7
37.Qg2 Qf5 38.Qg3 Rh8 39.Qf2 Rxh2 40.Qb6 Qd7 41.Kc1 g3 42.Rxd6 Qxd6 43.Qxb7+ Kf6
44.Nb4 g2 45.Nd5+ Qxd5 46.Qb6+ Qe6 47.Qd8+ Qe7 48.Qb6+ Kg7 49.Rxf3 exf3 50.Qd4+ Kh7
51.Kb1 Rh1+ 52.Ka2 g1=Q  0-1

[Event "TCh-ARG Magistral AFA"]
[Site "Buenos Aires ARG"]
[Date "2005.05.26"]
[Round "2"]
[White "Hungaski,R"]
[Black "Lafuente,P"]
[Result "1/2-1/2"]
[WhiteElo "2281"]
[BlackElo "2442"]

1.e4 c5 2.Nf3 e6 3.d4 cxd4 4.Nxd4 Nc6 5.Nc3 Qc7 6.Be3 a6 7.Bd3 Nxd4 8.Bxd4 Ne7
9.O-O Nc6 10.Be3 b5 11.f4 Bb7 12.Kh1 Bb4 13.Qg4 O-O 14.Rf3 Bxc3 15.bxc3 f5
16.Qh5 g6 17.Qh6 fxe4 18.Bxe4 Ne7 19.Bd4 Rf7 20.Be5 d6 21.Bxb7 Qxb7 22.Bd4 Nf5
23.Qh3 Qe4 24.Rc1 e5 25.fxe5 dxe5 26.Bg1 Qc4 27.a3 Rd8 28.Re1 Rd5 29.Rd3 Rfd7
30.Rxd5 Qxd5 31.Qg4 Rc7 32.Rd1 Qc6 33.Rd8+ Kg7 34.Qb4 Rf7 35.Rd1 h5 36.Re1 Rd7
37.Rxe5 Rd2 38.Qe4 Qxe4 39.Rxe4 Rxc2 40.Re6 a5 41.Re5 Nd6 42.Rd5 Nc4 43.Rxb5 Kf7
44.Rc5 Nxa3 45.Rxa5 Rxc3 46.Ra7+ Ke6 47.Ra6+ Kf5 48.Rf6+ Kxf6 49.Bd4+ Kf5
50.Bxc3 Ke4 51.h3 Nc4 52.Kh2 Nd6 53.Bf6 Kf4 54.Bd8 Ne4 55.Bc7+ Ke3 56.Bb6+ Ke2
57.Kg1 g5 58.Bd8 Ke3 59.Bb6+ Ke2 60.Bd8 g4 61.hxg4  1/2-1/2

[Event "TCh-ROM A"]
[Site "Tusnad ROM"]
[Date "2005.05.28"]
[Round "8"]
[White "Gaponenko,I"]
[Black "Apostoaie,L"]
[Result "1-0"]
[WhiteElo "2482"]
[BlackElo "2182"]

1.e4 c5 2.Nc3 Nc6 3.Nf3 e6 4.d4 cxd4 5.Nxd4 Nf6 6.Ndb5 Bb4 7.a3 Bxc3+ 8.Nxc3 O-O
9.Bd3 a6 10.O-O d5 11.exd5 Nxd5 12.Ne4 f5 13.Nc5 b6 14.Na4 Ne5 15.Be2 Bd7
16.c4 Nf6 17.Nc3 Bc6 18.Bf4 Ng6 19.Qxd8 Rfxd8 20.Be3 Nd7 21.f3 h6 22.Rad1 Kf7
23.Rd6 Rac8 24.Rfd1 Ke7 25.b4 Nge5 26.f4 Nf7 27.R6d2 g5 28.g3 gxf4 29.gxf4 Rb8
30.b5 axb5 31.cxb5 Ba8 32.Bf2 Rg8+ 33.Kf1 Nf6 34.Bh4 Rbd8 35.Rxd8 Rxd8 36.Rxd8 Nxd8
37.Na4 Kf7 38.Nxb6 Be4 39.a4 Nb7 40.Be1 Ng4 41.h3 Ne3+ 42.Kf2 Ng2 43.Bd2 Nc5
44.Bf1 Nb3 45.Bxg2 Nxd2 46.a5 Bd3 47.a6 Ne4+ 48.Bxe4 Bxe4 49.Nc8  1-0

[Event "69th ch-BUL"]
[Site "Pleven BUL"]
[Date "2005.05.30"]
[Round "9"]
[White "Kozhuharov,S"]
[Black "Nikolov,Sas"]
[Result "0-1"]
[WhiteElo "2375"]
[BlackElo "2394"]

1.e4 c5 2.Nf3 e6 3.d4 cxd4 4.Nxd4 Nc6 5.Nc3 Qc7 6.Be3 a6 7.Qd2 b5 8.O-O-O Nf6
9.Bf4 Qb6 10.Nb3 Ng4 11.h3 Nge5 12.Be3 Qc7 13.f4 Nc4 14.Bxc4 bxc4 15.Nc5 Rb8
16.e5 Nxe5 17.fxe5 Bxc5 18.Bxc5 Qxc5 19.Ne4 Qxe5 20.Nd6+ Ke7 21.Nxc4 Qc5
22.Nd6 Rb6 23.Nxc8+ Rxc8 24.Qxd7+ Kf8 25.Rd2 Rxb2 26.Qxc8+ Qxc8 27.Kxb2 Qb8+
28.Kc1 Qe5 29.Kb1 Qb5+ 30.Ka1 h5 31.Re1 Qb4 32.Rde2 Ke7 33.Re4 Qd2 34.R4e2 Qc3+
35.Kb1 Qb4+ 36.Kc1 Qa3+ 37.Kb1 Qb4+ 38.Kc1 Qd4 39.Kb1 a5 40.Re4 Qb6+ 41.Kc1 h4
42.c4 Qb4 43.R1e3 g5 44.a3 Qc5 45.Kd2 Qd6+ 46.Ke2 Qb6 47.Re5 Kf6 48.R5e4 Qb2+
49.Kf3 Qc1 50.Kf2 Qb2+ 51.Kf3 Qc2 52.Rd4 Qf5+ 53.Ke2 Qc5 54.Rde4 a4 55.Rf3+ Kg6
56.Rfe3 Kf5 57.Kd2 e5 58.Rxe5+ Qxe5 59.Rxe5+ Kxe5 60.Kc3 f5 61.Kd3 f4 62.c5 Kd5
63.c6 Kxc6 64.Ke4 Kc5 65.Kf5 Kc4 66.Kxg5 Kb3 67.Kxh4 Kxa3 68.Kg5 Kb4  0-1

[Event "69th ch-BUL"]
[Site "Pleven BUL"]
[Date "2005.05.31"]
[Round "10"]
[White "Bojkov,D"]
[Black "Iotov,V"]
[Result "1/2-1/2"]
[WhiteElo "2509"]
[BlackElo "2433"]

1.e4 c5 2.Nf3 e6 3.d4 cxd4 4.Nxd4 Nc6 5.Nc3 Qc7 6.Be2 a6 7.O-O Nf6 8.Kh1 Be7
9.f4 d6 10.Nxc6 bxc6 11.Qd3 O-O 12.b3 a5 13.Qg3 d5 14.e5 Nd7 15.Bb2 Ba6 16.Rae1 Bxe2
17.Rxe2 Nc5 18.Ba3 Rab8 19.Qg4 Rfe8 20.Rf3 g6 21.Qg3 Red8 22.Bxc5 Bxc5 23.f5 exf5
24.Rxf5 Re8 25.Na4 Bf8 26.Rf6 Re6 27.Rxe6 fxe6 28.h4 Bg7 29.Nc5 Qe7 30.Nd3 c5
31.Qg4 Rf8 32.g3 Rf5 33.Qa4 g5 34.hxg5 Rxg5 35.Kg2 h5 36.Qh4 c4 37.Nf4 cxb3
38.axb3 Kf7 39.Nxh5 Bxe5 40.Nf4 Bxf4 41.Qxf4+ Kg6 42.Qb8 Kg7 43.Qb6 e5 44.Qxa5 Qb7
45.Qc3 Rf5 46.Qd3 Rg5 47.Qe3 Kg6 48.Qf3 Rf5 49.Qg4+ Kf6 50.Rf2 Rxf2+ 51.Kxf2 Qc6
52.Qe2 e4 53.Qd2 Qc5+ 54.Ke2 Kg6 55.Kf1 d4 56.Qe2 Qf5+ 57.Kg2 d3 58.cxd3 exd3
59.Qe8+ Kg7 60.Qe7+ Kg6 61.Qd6+ Kh7 62.Qd4 Qb5 63.Qe4+ Kg7 64.Qd4+  1/2-1/2

[Event "69th ch-BUL"]
[Site "Pleven BUL"]
[Date "2005.06.01"]
[Round "11"]
[White "Cheparinov,I"]
[Black "Nikolov,Sas"]
[Result "1-0"]
[WhiteElo "2621"]
[BlackElo "2394"]

1.e4 c5 2.Nf3 e6 3.d4 cxd4 4.Nxd4 Nc6 5.Nc3 Qc7 6.Be3 a6 7.Qd2 b5 8.O-O-O Nf6
9.Bf4 Qb6 10.Nb3 Ng4 11.h3 Nge5 12.Kb1 d6 13.Be3 Qb7 14.Ka1 Rb8 15.Nd4 Na5
16.f4 Nec4 17.Bxc4 Nxc4 18.Qd3 Nxe3 19.Qxe3 Be7 20.g4 b4 21.Nce2 Qb6 22.Qf3 g6
23.h4 e5 24.Nb3 a5 25.h5 Rf8 26.hxg6 hxg6 27.Nbc1 a4 28.f5 gxf5 29.gxf5 Qc6
30.Kb1 Rb5 31.Nd3 Bb7 32.f6 Bd8 33.Ng3 a3 34.Nf5 Bc7 35.Qg3 Qxe4 36.Ng7+ Kd8
37.Ne6+ fxe6 38.Qg7  1-0

[Event "Summer"]
[Site "Alushta UKR"]
[Date "2005.06.04"]
[Round "11"]
[White "Annageldyev,O"]
[Black "Sharma,D"]
[Result "1/2-1/2"]
[WhiteElo "2483"]
[BlackElo "2381"]

1.e4 c5 2.Nf3 e6 3.d4 cxd4 4.Nxd4 Nc6 5.Nc3 Qc7 6.Be3 a6 7.Qd2 Nf6 8.f3 Ne5
9.O-O-O Bb4 10.Kb1 O-O 11.Bg5 Bxc3 12.bxc3 b5 13.Bxf6 gxf6 14.Qf4 Qxc3 15.Qxf6 Nc4
16.Bxc4 bxc4 17.Qg5+ Kh8 18.Qf6+  1/2-1/2

[Event "TCh-BIH Prem"]
[Site "Neum BIH"]
[Date "2005.06.04"]
[Round "1"]
[White "Volokitin,And"]
[Black "Ribli,Z"]
[Result "1/2-1/2"]
[WhiteElo "2679"]
[BlackElo "2602"]

1.e4 c5 2.Nf3 e6 3.d4 cxd4 4.Nxd4 Nc6 5.Nc3 Qc7 6.Be3 a6 7.Qd2 Nf6 8.O-O-O Bb4
9.f3 Ne7 10.Nde2 d5 11.Bg5 dxe4 12.Bxf6 gxf6 13.Qd4 exf3 14.Qxb4 fxe2 15.Bxe2 f5
16.Rd6 Bd7 17.Rhd1 Bc6 18.Qd4 O-O 19.g4 Rfe8 20.h4 Rac8 21.Qf4 Nd5 22.Qg5+ Kh8
23.R6xd5  1/2-1/2

[Event "TCh-ARG Magistral AFA"]
[Site "Buenos Aires ARG"]
[Date "2005.06.07"]
[Round "5"]
[White "Valerga,D"]
[Black "Bronstein,L"]
[Result "1-0"]
[WhiteElo "2498"]
[BlackElo "2362"]

1.e4 c5 2.Nf3 e6 3.d4 cxd4 4.Nxd4 Nc6 5.Nc3 Qc7 6.Be3 a6 7.Qd2 Nf6 8.O-O-O Nxd4
9.Qxd4 d6 10.f3 e5 11.Qa4+ Bd7 12.Bb5 Bc6 13.Bg5 Qd7 14.Bxc6 bxc6 15.Rd3 Be7
16.Rhd1 h6 17.Bh4 g5 18.Bf2 O-O 19.Bc5 Ne8 20.Nd5 Bd8 21.Ne3 Qb7 22.Bxd6 Nxd6
23.Rxd6 Rb8 24.Nc4 Qb5 25.Qxb5 cxb5 26.Ne3 Bb6 27.Nd5  1-0

[Event "TCh-ARG Magistral AFA"]
[Site "Buenos Aires ARG"]
[Date "2005.06.09"]
[Round "6"]
[White "Andres,M"]
[Black "Lafuente,P"]
[Result "1/2-1/2"]
[WhiteElo "2374"]
[BlackElo "2442"]

1.e4 c5 2.Nf3 e6 3.d4 cxd4 4.Nxd4 Nc6 5.Nc3 Qc7 6.g3 a6 7.Bg2 Nge7 8.O-O Nxd4
9.Qxd4 Nc6 10.Qd2 Be7 11.b3 O-O 12.Bb2 d6 13.Nd1 b5 14.Ne3 Rd8 15.c4 Bb7
16.Rac1 Qb6 17.Nd5 exd5 18.cxd5 Bf8 19.dxc6 Bxc6 20.Qd4 Qb7 21.Rc2 Re8 22.f3 Bd7
23.Rfc1 Rac8 24.Rxc8  1/2-1/2

[Event "National Open"]
[Site "Las Vegas USA"]
[Date "2005.06.11"]
[Round "4"]
[White "Perelshteyn,E"]
[Black "Kriventsov,S"]
[Result "1/2-1/2"]
[WhiteElo "2507"]
[BlackElo "2409"]

1.e4 c5 2.Nf3 e6 3.d4 cxd4 4.Nxd4 Nc6 5.Nc3 Qc7 6.g3 a6 7.Bg2 Nf6 8.O-O Bc5
9.Nxc6 dxc6 10.Na4 Ba7 11.c4 Nd7 12.b4 a5 13.Ba3 e5 14.c5 O-O 15.Qb3 Nf6
16.Qc3 axb4 17.Bxb4 Bg4 18.Rfe1 Qe7 19.h3 Be6 20.a3 Nd7 21.Rac1 Bb8 22.Nb2 Bc7
23.Bf1 Nb8 24.h4 Na6 25.Bc4 Bg4 26.f3 Be6 27.Kg2 Qf6 28.Red1 Rfd8 29.Rxd8+ Rxd8
30.Rd1 Bc8 31.Rd3 Rd4 32.Ba5 Bb8 33.Bxa6 bxa6 34.Qb3 Ba7 35.Bb6 Be6 36.Qc3 Bb8
37.Qa5 Rxd3 38.Nxd3 Bc4 39.Qc3 Qe6 40.Nf2 f6 41.Nd1 Qf7 42.Ne3 Be6 43.Nc2 Qd7
44.Nb4 Qd1 45.Kf2 Qh1 46.Qe1 Qh2+ 47.Ke3 Qb2 48.Nxc6 Bd7 49.Ne7+ Kf7 50.Nf5 Qxa3+
51.Kf2 Qb2+ 52.Qe2 Qxe2+ 53.Kxe2 Bxf5  1/2-1/2

[Event "Open"]
[Site "Voronezh RUS"]
[Date "2005.06.12"]
[Round "1"]
[White "Amonatov,F"]
[Black "Sharma,D"]
[Result "1-0"]
[WhiteElo "2599"]
[BlackElo "2381"]

1.e4 c5 2.Nf3 e6 3.d4 cxd4 4.Nxd4 Nc6 5.Nc3 Qc7 6.f4 a6 7.Nxc6 bxc6 8.e5 d5
9.exd6 Bxd6 10.Ne4 Be7 11.Bd3 Nf6 12.O-O c5 13.Qe2 Bb7 14.f5 Nxe4 15.Bxe4 exf5
16.Bf4 Qd7 17.Bxb7 Qxb7 18.Rae1 Rd8 19.Rf3 Rd4 20.Rb3 Rb4 21.Bd6 Qe4 22.Rxb4  1-0

[Event "III Open"]
[Site "Bajada de la Virgen ESP"]
[Date "2005.06.13"]
[Round "1"]
[White "Hernandez Rios,I"]
[Black "Rodriguez Guerrero,E"]
[Result "0-1"]
[WhiteElo "1962"]
[BlackElo "2449"]

1.e4 c5 2.Nf3 e6 3.d4 cxd4 4.Nxd4 Nc6 5.Nc3 Qc7 6.Be2 a6 7.a3 Nf6 8.O-O Nxd4
9.Qxd4 Bc5 10.Qd3 h5 11.Qg3 Qxg3 12.hxg3 Ng4 13.Bxg4 hxg4 14.Rd1 b5 15.Rd3 Bb7
16.Be3 Rc8 17.Rad1 Bxe3 18.Rxe3 Rc5 19.f3 Ke7 20.Re2 gxf3 21.gxf3 f5 22.Kg2 g5
23.Rh1 Rxh1 24.Kxh1 g4 25.Kg2 Kf6 26.fxg4 fxe4 27.Kf2 Ke5 28.g5 Rc8 29.a4 b4
30.Na2 a5 31.Nc1 Rf8+ 32.Kg2 e3+ 33.Kh3 Ke4 34.Kg4 d6 35.g6 Bd5 36.Kg5 e5
37.g7 Rc8 38.Rh2 Kf3 39.g4 b3 40.c3 Bc4 41.Kg6 Kxg4 42.Kf6 Kg3 43.Rh8 Rg8
44.Kg6 Kf2 45.Kh7 Rxg7+ 46.Kxg7 Ke1 47.Rh1+ Kd2 48.Kf6 Kc2 49.Re1 Kxb2 50.Nxb3 Kxb3
51.Rxe3 Kxa4 52.Ke7 d5 53.Rxe5 Kb3  0-1

[Event "Open"]
[Site "Mielo POL"]
[Date "2005.06.13"]
[Round "4"]
[White "Hnydiuk,A"]
[Black "Litwin,J"]
[Result "1-0"]
[WhiteElo "2304"]
[BlackElo "2221"]

1.e4 c5 2.Nc3 e6 3.Nge2 Nc6 4.d4 cxd4 5.Nxd4 d6 6.g3 Nf6 7.Bg2 Be7 8.Nxc6 bxc6
9.e5 Nd5 10.exd6 Bxd6 11.Ne4 Be7 12.c4 Nb4 13.Qxd8+ Bxd8 14.O-O O-O 15.Bf4 Be7
16.Rfd1 f6 17.Bd6 Bxd6 18.Nxd6 Rb8 19.a3 Na6 20.b4 Bd7 21.f4 Rfd8 22.b5 cxb5
23.Nb7 Rxb7 24.Bxb7 Nc5 25.Bc6 bxc4 26.Rac1 Nd3 27.Bxd7 Rxd7 28.Rxc4 e5 29.fxe5 fxe5
30.Re4 Kf7 31.Re3 Nc5 32.Rxd7+ Nxd7 33.Rc3 Ke6 34.Rc6+ Kf5 35.Rc7 Nf6 36.Rxa7 Ke4
37.Rxg7 Kd3 38.Rf7 Ng4 39.h3 Ne3 40.Kf2 Nc2 41.Rd7+ Nd4 42.a4 e4 43.a5 e3+
44.Ke1 Ke4 45.Rxd4+  1-0

[Event "III Open"]
[Site "Bajada de la Virgen ESP"]
[Date "2005.06.14"]
[Round "3"]
[White "Kolev,At"]
[Black "Delchev,A"]
[Result "1-0"]
[WhiteElo "2524"]
[BlackElo "2614"]

1.e4 c5 2.Nf3 e6 3.d4 cxd4 4.Nxd4 Nc6 5.Nc3 Qc7 6.Be3 a6 7.Qd2 Nf6 8.O-O-O Bb4
9.f3 Ne5 10.Nb3 b5 11.Qe1 Be7 12.f4 Ng6 13.e5 Ng4 14.Bd2 Bb7 15.Bd3 Rc8 16.Ne4 O-O
17.h3 f5 18.Nd6 Bxd6 19.hxg4 Bxe5 20.fxe5 Nxe5 21.Kb1 Nxg4 22.Ba5 Qf4 23.Qh4 h6
24.Rd2 Rf7 25.Re2 Bd5 26.Bd2 Qd6 27.Rhe1 b4 28.Bc1 a5 29.Nd2 Qc6 30.Qg3 e5
31.b3 d6 32.Bc4 Rf6 33.Qd3 f4 34.Bb2 Rd8 35.Bb5 Qc7  1-0

[Event "PanAmY U18B"]
[Site "Balneario Camboriu BRA"]
[Date "2005.06.14"]
[Round "5"]
[White "Garcia,Jh"]
[Black "Duarte,L"]
[Result "1/2-1/2"]
[WhiteElo "2221"]
[BlackElo "2298"]

1.e4 c5 2.Nf3 e6 3.d4 cxd4 4.Nxd4 Nc6 5.Nc3 Qc7 6.Be2 a6 7.O-O b5 8.Be3 Bb7
9.Nb3 Na5 10.Nxa5 Qxa5 11.Qd4 d6 12.a4 b4 13.Na2 Nf6 14.Qxb4 Qxb4 15.Nxb4 Nxe4
16.Nd3 Rc8 17.Rfc1 Be7 18.f3 Nf6 19.c4 a5 20.Bd2 Bd8 21.b4 axb4 22.Bxb4 Bb6+
23.Kf1 Be3 24.Rd1 d5 25.Ne5 Bc5 26.Bxc5 Rxc5 27.Rab1 Bc8 28.cxd5 Nxd5 29.Rdc1 Rxc1+
30.Rxc1 Ke7 31.a5 f6 32.Nc6+ Kd6 33.a6 Bd7 34.Na5 Ra8 35.Nb7+ Ke7 36.Kf2 Bc8
37.Rb1 Nc3 38.Rc1 Nd5 39.Bd1 Nb4 40.Be2 Nd5 41.Bc4 Nb4 42.Ra1 Bxb7 43.axb7 Rb8
44.Re1 e5 45.f4 Rxb7 46.fxe5 fxe5 47.Rxe5+ Kf8  1/2-1/2

[Event "Open"]
[Site "Voronezh RUS"]
[Date "2005.06.14"]
[Round "3"]
[White "Morev,I"]
[Black "Sharma,D"]
[Result "0-1"]
[WhiteElo "2157"]
[BlackElo "2381"]

1.e4 c5 2.Nf3 e6 3.d4 cxd4 4.Nxd4 Nc6 5.Nc3 Qc7 6.Be3 a6 7.Be2 Nf6 8.O-O Bb4
9.Na4 O-O 10.Nxc6 bxc6 11.Nb6 Rb8 12.Nxc8 Rfxc8 13.Bxa6 Rf8 14.Bd3 Bd6 15.f4 e5
16.f5 Rxb2 17.g4 Qa5 18.g5 Bc5 19.gxf6 Bxe3+ 20.Kh1 gxf6 21.Qg4+ Kh8 22.Rg1 Bg5
23.h4 Bh6 24.Rg2 Rbb8 25.Rag1 Qc5 26.Qh5 Qe3 27.Bc4 d5 28.exd5 Rg8 29.Rxg8+ Rxg8
30.Rxg8+ Kxg8 31.Qg4+ Kf8 32.dxc6 Bf4 33.Bd3 e4 34.c7 Bxc7 35.Bxe4 Qf2 36.Qg2 Qe1+
37.Qg1 Qxe4+ 38.Qg2 Qxh4+ 39.Kg1 Qe1+  0-1

[Event "Open"]
[Site "Voronezh RUS"]
[Date "2005.06.14"]
[Round "3"]
[White "Turkin,V"]
[Black "Geller,J"]
[Result "0-1"]
[WhiteElo "2320"]
[BlackElo "2496"]

1.e4 c5 2.Nf3 e6 3.d4 cxd4 4.Nxd4 Nc6 5.Nc3 Qc7 6.Be3 a6 7.Be2 Nf6 8.O-O Be7
9.f4 d6 10.a4 O-O 11.Kh1 Re8 12.Bg1 Nxd4 13.Qxd4 e5 14.Qd3 exf4 15.Rxf4 Be6
16.Raf1 Nd7 17.Qg3 Ne5 18.Bd4 Bf8 19.Nd5 Bxd5 20.exd5 g6 21.Bxe5 Rxe5 22.Rxf7 Qxf7
23.Rxf7 Kxf7 24.Bg4 Bh6 25.h4 Rf8 26.Be6+ Kg7 27.Qc3 Be3 28.Kh2 h5 29.Qc7+ Kh6
30.Qe7 Rf1 31.g4 hxg4 32.Qd8 Kh5 33.Qh8+ Bh6 34.Kg3 Rf3+ 35.Kg2 Rfe3 36.Bxg4+ Kxg4
37.Qc8+ Kf4 38.Qc4+ R5e4 39.Qf1+ Kg4 40.Qd1+ Re2+  0-1

[Event "III Open"]
[Site "Bajada de la Virgen ESP"]
[Date "2005.06.15"]
[Round "4"]
[White "Berg,E"]
[Black "Mogranzini,R"]
[Result "1-0"]
[WhiteElo "2531"]
[BlackElo "2363"]

1.e4 c5 2.Nf3 e6 3.d4 cxd4 4.Nxd4 Nc6 5.Nc3 Qc7 6.f4 a6 7.Be3 b5 8.Qf3 Bb7
9.Bd3 Nf6 10.O-O-O Na5 11.Kb1 Nc4 12.Bc1 h5 13.Qe2 Rc8 14.e5 Nd5 15.Nxd5 Bxd5
16.Be4 Bxe4 17.Qxe4 g6 18.Rd3 Bc5 19.Rhd1 Bxd4 20.Qxd4 O-O 21.Qxd7 Qb8 22.Qe7 Qa8
23.f5 Qxg2 24.Bh6 Qxh2 25.fxg6 Qxe5 26.gxf7+ Kh7 27.Bc1 Qf5 28.Qb7 Ne5 29.R3d2 Rc6
30.Rh1 Rxf7 31.Qa8 Rfc7 32.Qe8 Nf7 33.Rdh2 Rc5 34.b4 Rd5 35.Bb2 Qg6 36.Qf8 Qh6
37.Rxh5  1-0

[Event "III Open"]
[Site "Bajada de la Virgen ESP"]
[Date "2005.06.15"]
[Round "4"]
[White "Moreno Carnero,J"]
[Black "Damljanovic,B"]
[Result "0-1"]
[WhiteElo "2500"]
[BlackElo "2588"]

1.e4 c5 2.Nf3 Nc6 3.d4 cxd4 4.Nxd4 e6 5.Nc3 Qc7 6.Be3 a6 7.Qd2 Nf6 8.O-O-O Bb4
9.f3 Ne5 10.Nb3 b5 11.Kb1 Be7 12.Qf2 d6 13.Bb6 Qb8 14.Bd4 Bd7 15.g4 h6 16.h4 b4
17.Ne2 a5 18.Ng3 a4 19.Nd2 b3 20.cxb3 axb3 21.a3 Bb5 22.Qe3 Nc6 23.Bc3 Ba4
24.Bc4 d5 25.exd5 Qxg3 26.dxc6 Bxc6 27.Rhg1 Qxh4 28.Be5 Nd5 29.Qxb3 Qf2 30.Bxg7 Rg8
31.Ne4 Qa7 32.Bd4 Qd7 33.Qd3 Rb8 34.Be5 Rb7 35.f4 Bb5 36.Bxb5 Qxb5 37.Qxb5+ Rxb5
38.Rd3 f6 39.Nd6+ Bxd6 40.Bxd6 Kf7 41.Rd4 Rd8 42.Bb4 Rdb8 43.g5 hxg5 44.fxg5 fxg5
45.Re4 Nxb4 46.axb4 Kf6 47.Rgg4 Rf5 48.Kc2 e5 49.Kb3 Rf4 50.Kc4 Kf5 51.Rexf4+ exf4
52.Rg1 f3  0-1

[Event "III Open"]
[Site "Bajada de la Virgen ESP"]
[Date "2005.06.16"]
[Round "6"]
[White "Moreno Carnero,J"]
[Black "Djingarova,E"]
[Result "1-0"]
[WhiteElo "2500"]
[BlackElo "2290"]

1.e4 c5 2.Nf3 e6 3.d4 cxd4 4.Nxd4 Nc6 5.Nc3 Qc7 6.Be3 a6 7.Qd2 b5 8.O-O-O b4
9.Na4 Nf6 10.f3 Ne5 11.Nb3 Rb8 12.Qf2 Be7 13.Ba7 Rb7 14.Bd4 d6 15.Nb6 Rb8
16.Nxc8 Qxc8 17.Kb1 O-O 18.g4 Nc6 19.Be3 a5 20.g5 Nd7 21.h4 a4 22.Nc1 Na5
23.b3  1-0

[Event "III Open"]
[Site "Bajada de la Virgen ESP"]
[Date "2005.06.16"]
[Round "6"]
[White "Kolev,At"]
[Black "Damljanovic,B"]
[Result "1/2-1/2"]
[WhiteElo "2524"]
[BlackElo "2588"]

1.e4 c5 2.Nf3 Nc6 3.d4 cxd4 4.Nxd4 e6 5.Nc3 a6 6.Nxc6 bxc6 7.Bd3 d5 8.O-O Nf6
9.Re1 Bb7 10.Qf3 Be7 11.Bf4 g6 12.Rad1 O-O 13.Bg5 d4 14.Na4 Nd7 15.Bxe7 Qxe7
16.e5 Rab8 17.Qe2 c5 18.Be4 Bxe4 19.Qxe4 Nb6 20.Nxb6 Rxb6 21.b3 a5 22.c3 Rd8
23.Qd3 a4 24.Qc4 axb3 25.axb3 Rd5 26.h3 Qb7 27.cxd4 Rb4 28.Qc2 Rbxd4 29.Rxd4 cxd4
30.Qd3 Qc7 31.Re4 Rxe5 32.Qxd4 Qc1+ 33.Kh2 Rd5 34.Qc4  1/2-1/2

[Event "PanAmY U18B"]
[Site "Balneario Camboriu BRA"]
[Date "2005.06.16"]
[Round "8"]
[White "Hungaski,R"]
[Black "Duarte,L"]
[Result "1/2-1/2"]
[WhiteElo "2281"]
[BlackElo "2298"]

1.e4 c5 2.Nf3 e6 3.d4 cxd4 4.Nxd4 Nc6 5.Nc3 Qc7 6.Be3 a6 7.Bd3 Nf6 8.O-O d6
9.f4 Be7 10.Kh1 O-O 11.Qf3 Re8 12.Qg3 Rb8 13.e5 Nh5 14.Qf3 g6 15.g4 Ng7 16.Ne4 Qd8
17.exd6 Bxd6 18.Rad1 Be7 19.Nb3 Qc7 20.Bc5 b6 21.Bxe7 Qxe7 22.Kg1 Bb7 23.Qe3 Nb4
24.Ng5 Nxd3 25.Rxd3 Qc7 26.Rc3 Qd7 27.Ne4 Bxe4 28.Qxe4 Red8 29.Rd3 Qc7 30.Rfd1 Rxd3
31.Rxd3 Ne8 32.Qe5 Rc8 33.Qxc7 Rxc7 34.Rd8 Kf8 35.c3 Ke7 36.Rb8 b5 37.Rb6 Nd6
38.Nd4 Nc4 39.Rxa6 Nxb2 40.Nxb5 Rc5 41.Ra7+ Kf8 42.Nd6 Rxc3 43.Rxf7+ Kg8
44.Re7 Nd3 45.Re8+ Kg7 46.Re7+ Kg8 47.f5 gxf5 48.gxf5 exf5 49.Nxf5 Rc1+ 50.Kg2 Rc2+
51.Kg3 Rxa2 52.Rg7+ Kf8 53.Rxh7 Ne5 54.Rb7 Ra3+ 55.Kf4 Nf3 56.h3 Nh4 57.Nxh4 Rxh3
58.Kg5 Ke8 59.Ng6 Kd8 60.Kf6 Kc8 61.Rg7 Rc3 62.Ne7+ Kb8 63.Ke6 Rc7 64.Kd6 Kb7
65.Rg3 Rc1 66.Rb3+ Ka6 67.Nc6 Rh1 68.Kc5 Rh5+ 69.Kd6 Rh6+ 70.Kc7 Rh7+ 71.Kd6  1/2-1/2

[Event "Open"]
[Site "Mielo POL"]
[Date "2005.06.16"]
[Round "7"]
[White "Pinkas,K"]
[Black "Hnydiuk,A"]
[Result "1/2-1/2"]
[WhiteElo "2325"]
[BlackElo "2304"]

1.e4 c5 2.Nf3 e6 3.Nc3 Nc6 4.d4 cxd4 5.Nxd4 Qc7 6.Be2 Nf6 7.O-O Be7 8.Be3 O-O
9.Kh1 d6 10.f4 Nxd4 11.Qxd4 e5 12.Qd3 b6 13.Rad1 Bb7 14.Nd5 Nxd5 15.exd5 exf4
16.Rxf4 Rae8 17.Ra4 a6 18.Rf1 b5 19.Rd4 Qd8 20.Bh5 Bg5 21.Bg1 Re5 22.Bf3 Rfe8
23.Re4 g6 24.Rxe5 dxe5 25.Rd1 Qd6 26.a4 Qb4 27.axb5 axb5 28.c3 Qb3 29.Be2 Rd8
30.Qxb5 Qxb5 31.Bxb5 Bxd5 32.Be2 Bb3 33.Rxd8+ Bxd8 34.Bc5 Bg5 35.Kg1 Bc1
36.Ba3 f5 37.Kf2 e4 38.Ke1 f4  1/2-1/2

[Event "Open"]
[Site "Mielo POL"]
[Date "2005.06.18"]
[Round "9"]
[White "Tokarski,B"]
[Black "Sokolowski,Ry"]
[Result "0-1"]
[WhiteElo "1969"]
[BlackElo "2205"]

1.e4 c5 2.Nf3 e6 3.d4 cxd4 4.Nxd4 Nc6 5.Nc3 Qc7 6.Be3 a6 7.Be2 b5 8.a3 Bb7
9.O-O Nf6 10.f4 d6 11.f5 Nxd4 12.Qxd4 Be7 13.Rad1 O-O 14.Bg5 d5 15.Kh1 dxe4
16.fxe6 fxe6 17.Qe3 Qc6 18.Qh3 Rad8 19.Bg4 Nxg4 20.Qxg4 Rxd1 21.Rxd1 Qc4
22.Be3 Rf1+ 23.Bg1 Rxd1 24.Qxd1 Bf6 25.Qd7 Qc6 26.Qd2 Kf7 27.Be3 a5 28.Kg1 Be7
29.Ne2 b4 30.Nd4 Qc4 31.axb4 axb4 32.h3 Ba6 33.Qf2+ Bf6 34.b3 Qc3 35.Kh2 Ke7
36.g3 h6 37.h4 g6 38.Ne2 Qxc2 39.Nf4 Qxf2+ 40.Bxf2 Kd6 41.Nxg6 Bc4 42.Be1 Bc3  0-1

[Event "Open"]
[Site "Voronezh RUS"]
[Date "2005.06.18"]
[Round "6"]
[White "Geller,J"]
[Black "Shaposhnikov,E"]
[Result "0-1"]
[WhiteElo "2496"]
[BlackElo "2550"]

1.e4 c5 2.Nf3 Nc6 3.d4 cxd4 4.Nxd4 e6 5.Nc3 a6 6.Be2 Qc7 7.O-O Nf6 8.Kh1 Bc5
9.Nxc6 bxc6 10.Bg5 d5 11.Bxf6 gxf6 12.f4 Bb7 13.Bd3 Bd6 14.Qf3 Rg8 15.Rf2 Rg7
16.Raf1 O-O-O 17.Qe2 Rdg8 18.Na4 dxe4 19.Bxa6 Bxa6 20.Qxa6+ Qb7 21.Qe2 f5
22.Rd1 Rd8 23.Qe3 Rgg8 24.Rfd2 Bc7 25.g3 Rxd2 26.Qxd2 Rd8 27.Qe2 Rxd1+ 28.Qxd1 Qa7
29.c4 Qf2 30.b4 e3 31.Nc3 Qb2 32.Qd3 Qxb4 33.Qxe3 Qxc4 34.Kg2 Ba5 35.Ne2 Qxa2
36.Kh3 Qd5 37.Qa7 Bc7 38.Nd4 h5 39.Qa4 Kd7 40.Qb4 Qh1 41.Qc4 Qd5 42.Qb4 h4
43.Kxh4 Qg2 44.Kg5 Qh3  0-1

[Event "Jerry Spann Mem"]
[Site "Norman USA"]
[Date "2005.06.19"]
[Round "4"]
[White "Movsisyan,M"]
[Black "Galant,S"]
[Result "1-0"]
[WhiteElo "2300"]
[BlackElo "2211"]

1.e4 e6 2.Nc3 c5 3.Nf3 Nc6 4.d4 cxd4 5.Nxd4 Nf6 6.Ndb5 a6 7.Nd6+ Bxd6 8.Qxd6 Qe7
9.Bf4 O-O 10.a4 Ne8 11.Qxe7 Nxe7 12.Bc4 f5 13.exf5 Nxf5 14.O-O-O d5 15.Bb3 Ne7
16.Be3 Nf6 17.Rhe1 Nc6 18.Bc5 Rf7 19.f4 g6 20.g3 Bd7 21.Bb6 Rc8 22.a5 Ne7
23.Na4 Bxa4 24.Bxa4 Rc4 25.Rd4 Rxd4 26.Bxd4 Nf5 27.Bb6 Ne4 28.c4 Rf8 29.Bc2 Rc8
30.Bxe4 dxe4 31.b3 Nd6 32.Kb2 Kf7 33.Bd4 Rc6 34.Be5 Ke7 35.Kc3 Nb5+ 36.Kc2 Nd6
37.Bxd6+ Rxd6 38.Rxe4 Kf6 39.Re2 h6 40.Rd2 Rc6 41.Rd7 Rc5 42.Rxb7 Rxa5 43.Kb2 Rc5
44.Rb6 Ra5 45.b4 Ra4 46.c5 a5 47.b5 Rc4 48.c6 a4 49.Rb7 g5 50.fxg5+ hxg5
51.c7 e5 52.Rb6+ Ke7 53.Rc6  1-0